000
00234nmm a2200085Ia 4500
008
220120s9999||||xx |||||||||||||||||und||
100
_a
IT
_9
10698
245
0
_a
Multimedia ; office 1.0.3, ; open office, office productivit
260
_c
2006
999
_c
138529
_d
138529